[Event "Aberto Brasil - II Niterói Chess Open "]
[Site "Salão de Convenções do Hot"]
[Date "2022.09.04"]
[Round "6.1"]
[White "Delgado Ramirez, Neuris"]
[Black "Di Berardino, Diego Rafael"]
[Result "1-0"]
[WhiteElo "2559"]
[BlackElo "2464"]
[PlyCount "59"]
[EventDate "2022.09.01"]
[EventRounds "9"]
[EventCountry "BRA"]

1. e4 {[%emt 0:00:47]} c5 {[%emt 0:00:26]} 2. Nf3 {[%emt 0:00:05]} e6 {[%emt 0:
00:09]} 3. d4 {[%emt 0:00:05]} cxd4 {[%emt 0:00:04]} 4. Nxd4 {[%emt 0:00:03]}
a6 {[%emt 0:01:47]} 5. Bd3 {[%emt 0:00:17]} Bc5 {[%emt 0:01:32]} 6. Nb3 {
[%emt 0:00:25]} Be7 {[%emt 0:00:08]} 7. O-O {[%emt 0:00:49]} d6 {[%emt 0:00:04]
} 8. c4 {[%emt 0:01:36]} Nf6 {[%emt 0:00:37]} 9. Nc3 {[%emt 0:00:04]} O-O {
[%emt 0:02:58]} 10. Be3 {[%emt 0:00:13]} b6 {[%emt 0:00:40]} 11. f4 {[%emt 0:
02:09]} Bb7 {[%emt 0:00:13]} 12. Qf3 {[%emt 0:00:37]} Nbd7 {[%emt 0:07:17]} 13.
Rad1 {[%emt 0:05:49]} Qc7 14. Qh3 Rac8 {[%emt 0:11:00]} 15. g4 {[%emt 0:04:05]}
g6 {[%emt 0:04:46]} 16. g5 {[%emt 0:03:00]} Nh5 {[%emt 0:01:15]} 17. f5 {
[%emt 0:02:57]} exf5 {[%emt 0:05:42]} 18. exf5 {[%emt 0:00:24]} Ne5 {[%emt 0:
09:59]} 19. f6 {[%emt 0:03:46]} Bd8 {[%emt 0:15:57]} 20. Be2 {[%emt 0:01:47]}
Nxc4 {[%emt 0:03:18]} 21. Bxh5 {[%emt 0:04:47]} gxh5 {[%emt 0:00:05]} 22. Qxh5
{[%emt 0:03:08]} Kh8 {[%emt 0:04:58]} 23. Rf4 {[%emt 0:02:55]} Qd7 {[%emt 0:03:
55]} 24. Nd4 {[%emt 0:01:42]} Qe8 {[%emt 0:03:44]} 25. Bc1 {[%emt 0:02:21]}
Bxf6 {[%emt 0:02:12]} 26. Rh4 {[%emt 0:04:53]} Bxd4+ {[%emt 0:00:04]} 27. Kf1 {
[%emt 0:00:05]} Be4 {[%emt 0:15:27]} 28. Nxe4 {[%emt 0:00:27]} Ne3+ {[%emt 0:
00:17]} 29. Bxe3 {[%emt 0:00:31]} Qb5+ {[%emt 0:00:04]} 30. Kg2 {[%emt 0:00:57]
} 1-0

[Event "Aberto Brasil - II Niterói Chess Open "]
[Site "Salão de Convenções do Hot"]
[Date "2022.09.04"]
[Round "6.2"]
[White "Molina, Roberto Junio Brito"]
[Black "Mekhitarian, Krikor Sevag"]
[Result "0-1"]
[WhiteElo "2390"]
[BlackElo "2544"]
[PlyCount "142"]
[EventDate "2022.09.01"]
[EventRounds "9"]
[EventCountry "BRA"]

1. d4 {[%emt 1:06:24]} Nf6 2. c4 e6 3. Nf3 d5 4. Nc3 a6 5. cxd5 {[%emt 0:07:33]
} exd5 {[%emt 0:00:02]} 6. Bg5 {[%emt 0:02:54]} Be6 {[%emt 0:00:02]} 7. e3 {
[%emt 0:00:33]} Nbd7 {[%emt 0:00:04]} 8. Be2 {[%emt 0:02:51]} Bd6 {[%emt 0:00:
11]} 9. O-O {[%emt 0:00:20]} c6 {[%emt 0:00:06]} 10. Bh4 {[%emt 0:00:18]} O-O {
[%emt 0:02:10]} 11. Ne1 {[%emt 0:03:38]} h6 {[%emt 0:06:55]} 12. Nd3 {[%emt 0:
02:27]} Bf5 {[%emt 0:01:26]} 13. Rc1 {[%emt 0:00:49]} Re8 {[%emt 0:01:44]} 14.
Na4 {[%emt 0:01:16]} g5 {[%emt 0:11:24]} 15. Bg3 {[%emt 0:00:09]} Bxg3 {
[%emt 0:00:04]} 16. hxg3 {[%emt 0:00:19]} h5 {[%emt 0:01:28]} 17. Nac5 {
[%emt 0:04:47]} Nxc5 {[%emt 0:00:13]} 18. Nxc5 {[%emt 0:00:37]} Qe7 {[%emt 0:
00:33]} 19. Bd3 {[%emt 0:01:32]} Bxd3 {[%emt 0:09:42]} 20. Qxd3 {[%emt 0:00:19]
} Kg7 {[%emt 0:12:17]} 21. Qf5 {[%emt 0:00:49]} Ng4 {[%emt 0:00:57]} 22. Rfe1 {
[%emt 0:03:48]} Nh6 {[%emt 0:00:22]} 23. Qd3 {[%emt 0:05:30]} f5 {[%emt 0:02:
20]} 24. Re2 {[%emt 0:06:29]} Qc7 {[%emt 0:12:17]} 25. Kf1 {[%emt 0:05:03]} Re7
{[%emt 0:04:37]} 26. Ke1 {[%emt 0:00:07]} Qd6 {[%emt 0:00:35]} 27. Kd1 {
[%emt 0:01:17]} Qg6 {[%emt 0:00:25]} 28. Kd2 {[%emt 0:02:07]} Nf7 {[%emt 0:00:
27]} 29. b3 {[%emt 0:01:37]} Nd6 {[%emt 0:00:15]} 30. f3 {[%emt 0:01:27]} Rae8
{[%emt 0:00:42]} 31. Rce1 {[%emt 0:00:09]} Kg8 {[%emt 0:08:23]} 32. Qb1 {
[%emt 0:01:20]} Qf6 {[%emt 0:04:48]} 33. Nd3 {[%emt 0:00:49]} Kg7 {[%emt 0:03:
27]} 34. Qa1 {[%emt 0:05:38]} Nf7 {[%emt 0:07:46]} 35. Qb1 {[%emt 0:00:07]} Qd6
{[%emt 0:01:06]} 36. Rh1 {[%emt 0:00:53]} Rh8 {[%emt 0:02:40]} 37. Qe1 {
[%emt 0:02:39]} a5 {[%emt 0:02:54]} 38. Kc1 {[%emt 0:01:23]} a4 {[%emt 0:00:57]
} 39. Qb4 {[%emt 0:00:34]} axb3 {[%emt 0:00:32]} 40. axb3 {[%emt 0:02:03]} Qf6
{[%emt 0:08:26]} 41. Kd2 {[%emt 0:00:21]} Kg6 {[%emt 0:01:06]} 42. Ra1 {
[%emt 0:02:08]} Rhe8 {[%emt 0:00:35]} 43. Ra7 {[%emt 0:01:24]} Nd6 {[%emt 0:00:
01]} 44. Ne5+ {[%emt 0:02:17]} Rxe5 {[%emt 0:02:55]} 45. dxe5 {[%emt 0:00:01]}
Qxe5 {[%emt 0:00:01]} 46. Ke1 {[%emt 0:02:00]} Qxg3+ {[%emt 0:01:07]} 47. Kf1
h4 {[%emt 0:00:59]} 48. Kg1 {[%emt 0:04:06]} h3 {[%emt 0:01:03]} 49. Qe1 {
[%emt 0:00:58]} Qxe1+ {[%emt 0:03:16]} 50. Rxe1 {[%emt 0:00:01]} f4 {[%emt 0:
00:13]} 51. e4 {[%emt 0:01:58]} dxe4 {[%emt 0:00:13]} 52. fxe4 {[%emt 0:00:20]}
hxg2 {[%emt 0:00:09]} 53. Kxg2 {[%emt 0:00:28]} g4 {[%emt 0:00:55]} 54. e5 {
[%emt 0:00:53]} Nf5 55. Rxb7 {[%emt 0:00:36]} Ne3+ {[%emt 0:01:52]} 56. Kf2 {
[%emt 0:00:25]} Rxe5 {[%emt 0:00:10]} 57. Rc1 {[%emt 0:00:48]} Nf5 {[%emt 0:00:
15]} 58. Rxc6+ {[%emt 0:00:38]} Kg5 59. Rc8 {[%emt 0:00:36]} g3+ {[%emt 0:00:
25]} 60. Kf1 {[%emt 0:00:18]} Kg4 {[%emt 0:01:00]} 61. Rbc7 {[%emt 0:00:44]}
Kf3 {[%emt 0:00:25]} 62. Rc3+ {[%emt 0:00:13]} Ne3+ {[%emt 0:00:16]} 63. Kg1 {
[%emt 0:00:07]} Rd5 {[%emt 0:00:19]} 64. Rc1 {[%emt 0:00:13]} Rd2 {[%emt 0:00:
26]} 65. R8c3 {[%emt 0:00:20]} Rg2+ {[%emt 0:00:40]} 66. Kh1 Rh2+ {[%emt 0:00:
07]} 67. Kg1 {[%emt 0:00:02]} Rb2 {[%emt 0:00:05]} 68. b4 {[%emt 0:00:46]} Kg4
{[%emt 0:00:34]} 69. Re1 {[%emt 0:00:48]} Rg2+ {[%emt 0:01:09]} 70. Kh1 {
[%emt 0:00:01]} Rh2+ {[%emt 0:00:07]} 71. Kg1 f3 {[%emt 0:00:32]} 0-1

[Event "Aberto Brasil - II Niterói Chess Open "]
[Site "Salão de Convenções do Hot"]
[Date "2022.09.04"]
[Round "6.3"]
[White "Santiago, Yago De Moura"]
[Black "Barbosa, Evandro Amorim"]
[Result "1/2-1/2"]
[WhiteElo "2448"]
[BlackElo "2481"]
[PlyCount "53"]
[EventDate "2022.09.01"]
[EventRounds "9"]
[EventCountry "BRA"]

1. d4 {[%emt 0:02:19]} Nf6 {[%emt 0:03:27]} 2. c4 {[%emt 0:00:12]} e6 {[%emt 0:
00:12]} 3. Nc3 {[%emt 0:00:32]} d5 {[%emt 0:02:04]} 4. Nf3 {[%emt 0:03:39]} c5
{[%emt 0:00:53]} 5. cxd5 {[%emt 0:00:29]} Nxd5 {[%emt 0:00:14]} 6. g3 {[%emt 0:
02:47]} Nc6 {[%emt 0:03:28]} 7. Bg2 {[%emt 0:00:49]} cxd4 {[%emt 0:08:11]} 8.
Nxd4 {[%emt 0:00:47]} Nxc3 {[%emt 0:01:24]} 9. bxc3 {[%emt 0:00:22]} Nxd4 {
[%emt 0:05:33]} 10. Qxd4 {[%emt 0:01:48]} Qxd4 {[%emt 0:02:10]} 11. cxd4 {
[%emt 0:00:11]} Bb4+ {[%emt 0:02:19]} 12. Bd2 {[%emt 0:00:26]} Bxd2+ {[%emt 0:
00:49]} 13. Kxd2 {[%emt 0:00:11]} Ke7 {[%emt 0:00:24]} 14. Rhc1 {[%emt 0:02:04]
} Rd8 {[%emt 0:00:31]} 15. Rc7+ {[%emt 0:00:28]} Rd7 {[%emt 0:01:17]} 16. Rac1
{[%emt 0:00:36]} Kd8 {[%emt 0:00:52]} 17. Rxd7+ {[%emt 0:01:35]} Kxd7 {[%emt 0:
00:11]} 18. g4 {[%emt 0:00:17]} h6 {[%emt 0:01:46]} 19. h4 {[%emt 0:02:03]} Rb8
{[%emt 0:01:38]} 20. g5 {[%emt 0:01:20]} hxg5 {[%emt 0:01:51]} 21. hxg5 {
[%emt 0:00:10]} b6 {[%emt 0:01:15]} 22. Bc6+ {[%emt 0:05:04]} Kd6 {[%emt 0:07:
26]} 23. Be8 {[%emt 0:03:23]} f6 {[%emt 0:04:21]} 24. Rc6+ {[%emt 0:10:26]} Ke7
{[%emt 0:01:43]} 25. Bg6 {[%emt 0:01:44]} Bd7 {[%emt 0:06:09]} 26. Rc7 {
[%emt 0:01:38]} a5 {[%emt 0:00:15]} 27. gxf6+ {[%emt 0:02:11]} 1/2-1/2

[Event "Aberto Brasil - II Niterói Chess Open "]
[Site "Salão de Convenções do Hot"]
[Date "2022.09.04"]
[Round "6.4"]
[White "Fier, Alexandr"]
[Black "Matsuura, Everaldo"]
[Result "1-0"]
[WhiteElo "2583"]
[BlackElo "2437"]
[PlyCount "71"]
[EventDate "2022.09.01"]
[EventRounds "9"]
[EventCountry "BRA"]

1. e4 {[%emt 0:00:02]} e5 {[%emt 0:05:29]} 2. Nf3 {[%emt 0:00:05]} Nc6 {
[%emt 0:00:25]} 3. Bc4 {[%emt 0:00:03]} Bc5 {[%emt 0:00:24]} 4. d3 {[%emt 0:00:
09]} Nf6 {[%emt 0:00:39]} 5. Bg5 {[%emt 0:00:07]} h6 {[%emt 0:00:53]} 6. Bh4 {
[%emt 0:00:05]} d6 {[%emt 0:01:00]} 7. c3 {[%emt 0:00:08]} Qe7 {[%emt 0:02:29]}
8. a4 {[%emt 0:01:13]} a5 {[%emt 0:01:06]} 9. O-O {[%emt 0:00:16]} g5 {[%emt 0:
04:17]} 10. Bg3 {[%emt 0:00:04]} Bg4 {[%emt 0:03:49]} 11. h3 {[%emt 0:00:21]}
Bd7 {[%emt 0:04:24]} 12. Bb5 {[%emt 0:02:22]} Ba7 {[%emt 0:08:18]} 13. Nbd2 {
[%emt 0:02:34]} Nh5 {[%emt 0:03:47]} 14. Kh1 {[%emt 0:04:44]} Nf4 {[%emt 0:03:
15]} 15. Nc4 {[%emt 0:01:15]} h5 {[%emt 0:24:11]} 16. Ne3 {[%emt 0:09:58]}
O-O-O {[%emt 0:01:06]} 17. Bxf4 {[%emt 0:00:57]} gxf4 {[%emt 0:00:27]} 18. Nd5
{[%emt 0:00:16]} Qf8 {[%emt 0:01:44]} 19. b4 {[%emt 0:01:49]} Be6 {[%emt 0:09:
01]} 20. bxa5 {[%emt 0:00:51]} Nxa5 {[%emt 0:01:49]} 21. c4 {[%emt 0:02:58]}
Bxd5 {[%emt 0:08:04]} 22. cxd5 {[%emt 0:00:04]} Qe7 {[%emt 0:03:11]} 23. Rb1 {
[%emt 0:01:01]} Rdg8 {[%emt 0:00:26]} 24. Qd2 {[%emt 0:01:43]} Bb6 {[%emt 0:00:
18]} 25. d4 {[%emt 0:00:11]} f5 {[%emt 0:02:24]} 26. Rfe1 {[%emt 0:01:40]} fxe4
{[%emt 0:03:04]} 27. Rxe4 {[%emt 0:00:05]} Qg7 {[%emt 0:01:16]} 28. Bf1 {
[%emt 0:00:09]} Qg6 {[%emt 0:03:57]} 29. Qc2 {[%emt 0:01:49]} exd4 {[%emt 0:00:
35]} 30. Nh4 {[%emt 0:01:57]} d3 {[%emt 0:02:01]} 31. Bxd3 {[%emt 0:04:55]} Qg5
{[%emt 0:00:11]} 32. Rxb6 {[%emt 0:00:05]} Qxh4 {[%emt 0:00:08]} 33. Rb5 {
[%emt 0:00:03]} Qg5 {[%emt 0:00:56]} 34. Bf1 {[%emt 0:01:34]} b6 {[%emt 0:00:
50]} 35. Rxa5 {[%emt 0:00:05]} bxa5 {[%emt 0:00:34]} 36. Qc6 {[%emt 0:00:04]}
1-0

[Event "Aberto Brasil - II Niterói Chess Open "]
[Site "Salão de Convenções do Hot"]
[Date "2022.09.04"]
[Round "6.5"]
[White "Sega, Carlos Alberto"]
[Black "Quintiliano Pinto, Renato R."]
[Result "0-1"]
[WhiteElo "2184"]
[BlackElo "2504"]
[PlyCount "84"]
[EventDate "2022.09.01"]
[EventRounds "9"]
[EventCountry "BRA"]

1. c4 {[%emt 0:00:04]} e6 {[%emt 0:05:04]} 2. Nf3 {[%emt 0:03:08]} Nf6 {
[%emt 0:00:49]} 3. Nc3 {[%emt 0:00:28]} d5 {[%emt 0:00:15]} 4. e3 {[%emt 0:00:
20]} c6 {[%emt 0:00:15]} 5. d4 {[%emt 0:01:24]} Nbd7 {[%emt 0:00:24]} 6. Qc2 {
[%emt 0:02:27]} Bd6 {[%emt 0:02:44]} 7. a3 {[%emt 0:00:12]} O-O {[%emt 0:01:05]
} 8. Be2 {[%emt 0:00:13]} dxc4 {[%emt 0:06:56]} 9. Bxc4 {[%emt 0:00:07]} b5 {
[%emt 0:00:13]} 10. Ba2 {[%emt 0:04:42]} a5 {[%emt 0:06:39]} 11. O-O {[%emt 0:
01:12]} b4 {[%emt 0:02:22]} 12. Na4 {[%emt 0:05:50]} Bb7 {[%emt 0:03:05]} 13.
e4 {[%emt 0:07:28]} e5 {[%emt 0:02:16]} 14. dxe5 {[%emt 0:03:32]} Nxe5 {
[%emt 0:00:10]} 15. Nxe5 {[%emt 0:02:25]} Bxe5 {[%emt 0:00:07]} 16. axb4 {
[%emt 0:03:38]} axb4 {[%emt 0:08:18]} 17. Nc5 {[%emt 0:03:04]} Qc7 {[%emt 0:00:
13]} 18. h3 {[%emt 0:03:06]} Bd4 {[%emt 0:02:17]} 19. Nxb7 {[%emt 0:14:54]}
Qxb7 {[%emt 0:00:08]} 20. Qb3 {[%emt 0:05:35]} c5 {[%emt 0:21:05]} 21. Be3 {
[%emt 0:05:11]} Qxe4 {[%emt 0:00:47]} 22. Bb1 {[%emt 0:05:08]} Qe5 {[%emt 0:05:
12]} 23. Rxa8 {[%emt 0:02:07]} Rxa8 {[%emt 0:00:24]} 24. Bxd4 {[%emt 0:00:16]}
Qxd4 {[%emt 0:00:15]} 25. Rd1 {[%emt 0:00:59]} Qe5 {[%emt 0:00:11]} 26. Bd3 {
[%emt 0:00:33]} g6 {[%emt 0:02:27]} 27. Bc4 {[%emt 0:00:46]} Ra7 {[%emt 0:02:
36]} 28. Qc2 {[%emt 0:08:10]} Kg7 {[%emt 0:00:17]} 29. g3 {[%emt 0:00:31]} Rd7
{[%emt 0:06:32]} 30. Rxd7 {[%emt 0:01:24]} Nxd7 {[%emt 0:00:07]} 31. Be2 {
[%emt 0:03:30]} Qd4 {[%emt 0:01:23]} 32. b3 {[%emt 0:00:29]} Nf6 {[%emt 0:01:
37]} 33. Bd3 {[%emt 0:03:05]} h5 {[%emt 0:02:10]} 34. h4 {[%emt 0:02:27]} Ng4 {
[%emt 0:00:30]} 35. Bb5 {[%emt 0:00:15]} Ne5 {[%emt 0:04:03]} 36. Be2 {[%emt 0:
00:40]} Qa1+ {[%emt 0:02:29]} 37. Kg2 {[%emt 0:00:18]} Qa8+ {[%emt 0:00:11]}
38. f3 {[%emt 0:01:01]} Qd5 {[%emt 0:00:15]} 39. Qb2 {[%emt 0:01:48]} Kg8 {
[%emt 0:00:10]} 40. Kf2 {[%emt 0:00:13]} Nd3+ {[%emt 0:04:33]} 41. Bxd3 {
[%emt 0:00:06]} Qxd3 {[%emt 0:00:07]} 42. Qe5 {[%emt 0:01:26]} Qc2+ {[%emt 0:
01:14]} 0-1

[Event "Aberto Brasil - II Niterói Chess Open "]
[Site "Salão de Convenções do Hot"]
[Date "2022.09.04"]
[Round "6.6"]
[White "Do Valle Cardoso, Lucas"]
[Black "Rodriguez Vila, Andres"]
[Result "1-0"]
[WhiteElo "2162"]
[BlackElo "2443"]
[PlyCount "103"]
[EventDate "2022.09.01"]
[EventRounds "9"]
[EventCountry "BRA"]

1. e4 c5 {[%emt 0:05:54]} 2. Nf3 {[%emt 0:00:06]} a6 {[%emt 0:01:03]} 3. Nc3 {
[%emt 0:00:33]} d6 {[%emt 0:01:09]} 4. d4 {[%emt 0:00:09]} cxd4 {[%emt 0:00:05]
} 5. Nxd4 {[%emt 0:00:09]} e5 {[%emt 0:00:18]} 6. Nb3 {[%emt 0:01:10]} Ne7 {
[%emt 0:00:56]} 7. Be3 {[%emt 0:01:24]} Be6 {[%emt 0:01:04]} 8. Qd2 {[%emt 0:
00:22]} f5 {[%emt 0:01:02]} 9. O-O-O {[%emt 0:02:47]} f4 {[%emt 0:00:19]} 10.
Bc5 {[%emt 0:00:17]} Nc8 {[%emt 0:00:06]} 11. Ba3 {[%emt 0:01:51]} Be7 {
[%emt 0:03:34]} 12. Nd5 {[%emt 0:01:05]} Bg5 {[%emt 0:00:05]} 13. Kb1 {[%emt 0:
04:15]} Nc6 {[%emt 0:00:42]} 14. f3 {[%emt 0:07:03]} O-O {[%emt 0:01:17]} 15.
Be2 {[%emt 0:08:55]} a5 {[%emt 0:01:45]} 16. c3 {[%emt 0:05:25]} Rb8 {[%emt 0:
00:43]} 17. Bb5 {[%emt 0:03:00]} a4 {[%emt 0:10:16]} 18. Na1 {[%emt 0:00:20]}
Ra8 {[%emt 0:01:55]} 19. Nc2 {[%emt 0:09:07]} Kh8 {[%emt 0:01:41]} 20. Ncb4 {
[%emt 0:02:22]} Na5 {[%emt 0:01:58]} 21. Qd3 {[%emt 0:02:48]} Bd7 {[%emt 0:03:
02]} 22. c4 {[%emt 0:10:04]} Rf7 {[%emt 0:02:02]} 23. Rc1 {[%emt 0:02:48]} Bh4
{[%emt 0:04:20]} 24. Rhf1 {[%emt 0:04:27]} Bc6 {[%emt 0:02:40]} 25. Nc3 {
[%emt 0:02:42]} Nb6 {[%emt 0:04:03]} 26. Nbd5 {[%emt 0:01:21]} Rd7 {[%emt 0:01:
51]} 27. Nxb6 {[%emt 0:01:52]} Qxb6 {[%emt 0:00:10]} 28. Nxa4 {[%emt 0:00:34]}
Qa7 {[%emt 0:00:13]} 29. b3 {[%emt 0:05:58]} h6 {[%emt 0:02:35]} 30. Bb4 {
[%emt 0:00:24]} Bd8 {[%emt 0:01:43]} 31. Rfd1 {[%emt 0:00:40]} Bc7 {[%emt 0:01:
32]} 32. Rc2 {[%emt 0:00:25]} Rad8 {[%emt 0:01:29]} 33. Be1 {[%emt 0:03:05]} b6
{[%emt 0:08:26]} 34. Bxa5 {[%emt 0:03:50]} Bxb5 {[%emt 0:00:05]} 35. Bxb6 {
[%emt 0:02:41]} Bxb6 {[%emt 0:00:08]} 36. Nxb6 {[%emt 0:00:06]} Qxb6 {[%emt 0:
00:40]} 37. cxb5 {[%emt 0:00:04]} Rc7 {[%emt 0:05:08]} 38. Rxc7 {[%emt 0:00:53]
} Qxc7 39. Rc1 {[%emt 0:00:10]} Qa5 {[%emt 0:00:16]} 40. Kb2 {[%emt 0:00:16]}
Qa7 {[%emt 0:05:28]} 41. a4 {[%emt 0:00:20]} Kh7 {[%emt 0:00:37]} 42. Rc2 {
[%emt 0:01:27]} Kg6 {[%emt 0:01:11]} 43. g3 {[%emt 0:00:53]} fxg3 {[%emt 0:01:
52]} 44. hxg3 {[%emt 0:00:01]} Kh7 {[%emt 0:00:07]} 45. f4 {[%emt 0:00:27]} Qe7
{[%emt 0:04:02]} 46. b6 {[%emt 0:00:18]} Qf6 {[%emt 0:01:57]} 47. b7 {[%emt 0:
01:28]} Rb8 {[%emt 0:00:11]} 48. Rc7 {[%emt 0:00:27]} d5 {[%emt 0:01:27]} 49.
exd5+ {[%emt 0:00:51]} e4+ {[%emt 0:00:32]} 50. Qc3 {[%emt 0:00:03]} Qg6 {
[%emt 0:00:17]} 51. f5 {[%emt 0:00:47]} Qg5 {[%emt 0:00:09]} 52. f6 {[%emt 0:
00:19]} 1-0

[Event "Aberto Brasil - II Niterói Chess Open "]
[Site "Salão de Convenções do Hot"]
[Date "2022.09.04"]
[Round "6.7"]
[White "Piccoli, Lucas Fonseca"]
[Black "Rodi, Luis Ernesto"]
[Result "1-0"]
[WhiteElo "2156"]
[BlackElo "2327"]
[PlyCount "109"]
[EventDate "2022.09.01"]
[EventRounds "9"]
[EventCountry "BRA"]

1. e4 {[%emt 0:00:19]} e5 {[%emt 0:02:54]} 2. Nf3 {[%emt 0:00:10]} Nc6 {
[%emt 0:00:07]} 3. Bc4 {[%emt 0:00:11]} Bc5 {[%emt 0:00:09]} 4. c3 {[%emt 0:00:
11]} Qe7 {[%emt 0:00:53]} 5. d4 {[%emt 0:00:07]} Bb6 {[%emt 0:00:05]} 6. O-O {
[%emt 0:18:07]} Nf6 {[%emt 0:00:25]} 7. d5 {[%emt 0:05:52]} Nd8 {[%emt 0:00:10]
} 8. Nbd2 {[%emt 0:02:46]} d6 {[%emt 0:03:36]} 9. Bd3 {[%emt 0:03:29]} a6 {
[%emt 0:00:23]} 10. a4 {[%emt 0:01:35]} O-O {[%emt 0:02:33]} 11. a5 {[%emt 0:
03:04]} Ba7 {[%emt 0:00:07]} 12. Nc4 {[%emt 0:03:42]} h6 {[%emt 0:02:21]} 13.
Be3 {[%emt 0:04:42]} Bxe3 {[%emt 0:09:48]} 14. Nxe3 {[%emt 0:02:02]} Nh5 {
[%emt 0:00:32]} 15. g3 {[%emt 0:07:08]} g6 {[%emt 0:06:05]} 16. Nd2 {[%emt 0:
04:21]} Bh3 {[%emt 0:04:26]} 17. Re1 {[%emt 0:00:33]} Ng7 {[%emt 0:03:57]} 18.
Ng2 {[%emt 0:07:31]} f5 {[%emt 0:03:08]} 19. exf5 {[%emt 0:00:22]} Nxf5 {
[%emt 0:00:47]} 20. Nf4 {[%emt 0:01:00]} exf4 {[%emt 0:01:32]} 21. Rxe7 {
[%emt 0:00:31]} Nxe7 {[%emt 0:00:05]} 22. Qe2 {[%emt 0:02:07]} Nf5 {[%emt 0:03:
16]} 23. gxf4 {[%emt 0:06:24]} Nh4 {[%emt 0:00:44]} 24. Qe3 {[%emt 0:00:39]}
Bf5 {[%emt 0:01:15]} 25. Bf1 {[%emt 0:02:39]} Nf7 {[%emt 0:00:30]} 26. Qg3 {
[%emt 0:00:06]} g5 {[%emt 0:00:15]} 27. fxg5 {[%emt 0:00:05]} hxg5 {[%emt 0:00:
05]} 28. f4 {[%emt 0:01:35]} Rae8 {[%emt 0:00:32]} 29. fxg5 {[%emt 0:00:15]}
Ng6 {[%emt 0:00:07]} 30. h4 {[%emt 0:01:12]} Re5 {[%emt 0:02:00]} 31. h5 {
[%emt 0:03:49]} Ne7 {[%emt 0:00:33]} 32. Nf3 {[%emt 0:01:46]} Re4 {[%emt 0:00:
21]} 33. Bh3 {[%emt 0:01:48]} Ne5 {[%emt 0:03:49]} 34. Nxe5 {[%emt 0:01:15]}
Bxh3 {[%emt 0:00:43]} 35. Qxh3 {[%emt 0:03:48]} Rxe5 {[%emt 0:00:07]} 36. Kh1 {
[%emt 0:03:10]} Rff5 {[%emt 0:04:20]} 37. c4 {[%emt 0:01:14]} Rf4 {[%emt 0:00:
14]} 38. Rf1 {[%emt 0:00:44]} Rxc4 {[%emt 0:00:14]} 39. h6 {[%emt 0:01:31]} Kh7
{[%emt 0:03:17]} 40. Qd3+ {[%emt 0:01:17]} Rce4 {[%emt 0:00:17]} 41. Re1 {
[%emt 0:00:31]} Ng6 {[%emt 0:01:34]} 42. Rxe4 {[%emt 0:00:09]} Rxg5 {[%emt 0:
00:05]} 43. Re7+ {[%emt 0:00:29]} Kxh6 {[%emt 0:00:06]} 44. Qh3+ {[%emt 0:00:
15]} Rh5 {[%emt 0:00:07]} 45. Rh7+ {[%emt 0:00:02]} Kxh7 {[%emt 0:00:06]} 46.
Qxh5+ {[%emt 0:00:04]} Kg7 {[%emt 0:00:04]} 47. Qg5 {[%emt 0:00:23]} Kf7 {
[%emt 0:00:07]} 48. Qf5+ {[%emt 0:00:05]} Kg7 {[%emt 0:00:04]} 49. Qd7+ {
[%emt 0:00:06]} Kf6 {[%emt 0:00:09]} 50. Qxc7 {[%emt 0:00:08]} Ke5 {[%emt 0:00:
07]} 51. Qg7+ {[%emt 0:00:13]} Kf5 {[%emt 0:00:06]} 52. Qf7+ {[%emt 0:00:08]}
Kg5 {[%emt 0:00:06]} 53. Qxb7 {[%emt 0:00:09]} Nf4 {[%emt 0:00:05]} 54. Qe7+ {
[%emt 0:00:08]} Kf5 {[%emt 0:00:06]} 55. Qxd6 {[%emt 0:00:07]} 1-0

[Event "Aberto Brasil - II Niterói Chess Open "]
[Site "Salão de Convenções do Hot"]
[Date "2022.09.04"]
[Round "6.8"]
[White "Baules Rodriguez, Jorge Luis"]
[Black "Aranha Filho, Alvaro Z."]
[Result "1/2-1/2"]
[WhiteElo "2307"]
[BlackElo "2184"]
[PlyCount "39"]
[EventDate "2022.09.01"]
[EventRounds "9"]
[EventCountry "BRA"]

1. e4 {[%emt 0:00:03]} e5 {[%emt 0:12:51]} 2. Nf3 {[%emt 0:00:08]} Nc6 {
[%emt 0:00:05]} 3. Bb5 {[%emt 0:00:07]} a6 {[%emt 0:00:09]} 4. Ba4 {[%emt 0:00:
06]} Nf6 {[%emt 0:00:08]} 5. O-O {[%emt 0:00:10]} Be7 {[%emt 0:00:07]} 6. Re1 {
[%emt 0:00:20]} b5 {[%emt 0:00:09]} 7. Bb3 {[%emt 0:00:02]} d6 {[%emt 0:00:14]}
8. c3 {[%emt 0:00:20]} O-O {[%emt 0:00:11]} 9. d4 {[%emt 0:00:24]} Bg4 {
[%emt 0:00:38]} 10. Be3 {[%emt 0:00:02]} exd4 {[%emt 0:00:30]} 11. cxd4 {
[%emt 0:00:15]} d5 {[%emt 0:00:07]} 12. e5 {[%emt 0:02:30]} Ne4 {[%emt 0:01:06]
} 13. Nc3 {[%emt 0:05:19]} Nxc3 {[%emt 0:00:47]} 14. bxc3 {[%emt 0:00:02]} Na5
{[%emt 0:00:14]} 15. Bc2 {[%emt 0:02:07]} Nc4 {[%emt 0:01:09]} 16. Qd3 {
[%emt 0:35:51]} g6 {[%emt 0:00:25]} 17. Bh6 {[%emt 0:00:16]} Re8 {[%emt 0:00:
07]} 18. Bb3 {[%emt 0:04:46]} Bf5 {[%emt 0:07:41]} 19. Qe2 {[%emt 0:00:31]} c6
{[%emt 0:15:17]} 20. Bc2 {[%emt 0:00:01]} 1/2-1/2

[Event "Aberto Brasil - II Niterói Chess Open "]
[Site "Salão de Convenções do Hot"]
[Date "2022.09.04"]
[Round "6.9"]
[White "Cominato Neto, Jose Luis"]
[Black "Tomiello, Lucas Costamilan"]
[Result "0-1"]
[WhiteElo "2270"]
[BlackElo "2147"]
[PlyCount "90"]
[EventDate "2022.09.01"]
[EventRounds "9"]
[EventCountry "BRA"]

1. e4 c5 2. Nf3 d6 3. Bb5+ Nd7 4. a4 Ngf6 5. Nc3 e6 6. O-O Be7 7. d4 cxd4 8.
Qxd4 O-O 9. Rd1 a6 10. Be2 Qc7 11. Nd2 Ne5 12. Nc4 Nxc4 13. Qxc4 Qxc4 14. Bxc4
Bd7 15. Bf4 Rac8 16. Bb3 Rxc3 17. bxc3 Nxe4 18. Rd3 d5 19. c4 Nc5 20. Rdd1 dxc4
21. Bxc4 Bxa4 22. Rxa4 Nxa4 23. Rd7 Nb6 24. Rxe7 Nxc4 25. Rxb7 Ra8 26. Rb4 Rc8
27. Bc7 Na3 28. c3 Nb5 29. Be5 f6 30. Bf4 Nxc3 31. Bd2 Nd5 32. Ra4 Rc2 33. Be1
Rc6 34. Kf1 Kf7 35. Bd2 e5 36. Ke2 Ke6 37. Kd3 f5 38. f3 Nc7 39. Ra5 Nb5 40.
Ra4 Kd5 41. g4 f4 42. Ra5 Rh6 43. h4 Rxh4 44. Rxa6 Rh3 45. Ra5 Rxf3+ 0-1

[Event "Aberto Brasil - II Niterói Chess Open "]
[Site "Salão de Convenções do Hot"]
[Date "2022.09.04"]
[Round "6.10"]
[White "Pires, Marcos Vinicius Tor"]
[Black "De Siqueira, Luigy Lira"]
[Result "1/2-1/2"]
[WhiteElo "2262"]
[BlackElo "1969"]
[PlyCount "76"]
[EventDate "2022.09.01"]
[EventRounds "9"]
[EventCountry "BRA"]

1. Nf3 Nf6 2. c4 e6 3. g3 d5 4. d4 dxc4 5. Bg2 a6 6. O-O Nc6 7. e3 Be7 8. Nbd2
Na5 9. Ne5 O-O 10. Ndxc4 Nxc4 11. Nxc4 c5 12. dxc5 Bxc5 13. b3 Qe7 14. Bb2 Rd8
15. Qe2 Nd5 16. Ne5 f6 17. Nd3 Bb6 18. e4 Nc7 19. e5 f5 20. Nf4 Nb5 21. Rfd1
Nd4 22. Qc4 Nc6 23. Rxd8+ Nxd8 24. Rd1 Bd7 25. Qd3 Bc6 26. Bxc6 Nxc6 27. Qc4
Rd8 28. Rxd8+ Nxd8 29. Nd3 Nc6 30. Bc3 Qd7 31. Nf4 Kf7 32. Qe2 g6 33. h4 Bd4
34. Bxd4 Qxd4 35. Nd3 Ne7 36. Nf4 Nc6 37. Nd3 Ne7 38. Nf4 Nc6 1/2-1/2